000 00797nam a22002297a 4500
003 OSt
005 20250221163039.0
008 230925b ||||| |||| 00| 0 eng d
040 _c0
082 _aDPer 379.1 J826 Winter - Spring 2020 v. 45 n. 3-4
100 _aTran, Henry.
_eauthor.
_949130
245 _aCalifornia /
_cHenry Tran and Mazen Aziz.
260 _aUnited States ;
_bUniversity of Illinois Press and Johns Hopkins University Press,
_cWinter 2020.
300 _avolume 45, pages 266-268.
500 _aJournal of Education Finance, v. 45 n. 3, pages 266-268, Winter 2020.
650 _aEducation.
_949131
650 _aBudget.
_949132
650 _aFinance.
_949133
700 _aTran, Henry.
_eauthor.
_949130
700 _aAziz, Mazen.
_eauthor.
_949134
942 _2ddc
_cPER
999 _c18219
_d18219